000 00965nac a22001931u 4500
020 _a817008477
082 _a621.402
_bRAJ
090 _c9536
_d9536
100 _aRajput, R.K.
245 _aA Textbook Of Engineering Thermodynamics /
_cR.K. Rajput.
260 _aNew Delhi:
_bLaxmi Publications; c.2004.
_cc.2004.
300 _a802p:
_bill;
_c25cm.
500 _aDistributer: Al-Ahram.
511 _aCatalogued By: Mahitab.
650 _aThermodynamics.
942 _cBB
_k621.402 RAJ
999 _c9536
_d9536